[Event "Seville op 50th"]
[Site "Seville"]
[Date "2025.01.16"]
[Round "7"]
[White "Srienz, Christian"]
[Black "Keleberda, Timur"]
[Result "0-1"]
[WhiteElo "2178"]
[BlackElo "2265"]
[PlyCount "56"]
[EventDate "2025.01.10"]
[EventType "swiss"]
[EventRounds "9"]
[EventCountry "ESP"]
[SourceTitle "CB04_2025"]
[SourceDate "2025.01.22"]
[SourceVersion "1"]
[SourceVersionDate "2025.01.22"]
[SourceQuality "1"]

1. c4 c5 2. Nf3 Nc6 3. Nc3 g6 4. e3 Nf6 5. d4 cxd4 6. exd4 d5 7. cxd5 Nxd5 8. Bc4 Nb6 9. Bb3 Bg7 10. d5 Na5 11. 0-0 Nxb3 12. axb3 0-0 13. Bg5 h6 14. Be3 e6 15. dxe6 Bxe6 16. Nd4 Qf6 17. Nxe6 Qxe6 18. Qf3 Qxb3 19. Qxb7 Qxb2 20. Ne4 Rfb8 21. Qc6 Rc8 22. Qb7 Rab8 23. Qxa7 Ra8 24. Qxb6 Qxa1 25. g3 Qe5 26. Nd2 Rab8 27. Qa7 Qd5 28. Qa6 Rc2 0-1

[Event "Bodensee op"]
[Site "Bregenz"]
[Date "2022.05.28"]
[Round "8"]
[White "Srienz, Christian"]
[Black "Nickel, Ruediger"]
[Result "1/2-1/2"]
[WhiteElo "2176"]
[BlackElo "2049"]
[PlyCount "48"]
[EventDate "2022.05.21"]
[EventType "swiss"]
[EventRounds "9"]
[EventCountry "AUT"]
[SourceTitle "CBM 208 Extra"]
[Source "ChessBase"]
[SourceDate "2022.07.31"]
[SourceVersion "1"]
[SourceVersionDate "2022.07.31"]
[SourceQuality "1"]

1. Nf3 Nf6 2. d4 g6 3. Nbd2 Bg7 4. e4 d6 5. Bd3 Nc6 6. 0-0 0-0 7. Re1 e5 8. c3 Nh5 9. dxe5 dxe5 10. Qc2 Nf4 11. Bf1 Bg4 12. h3 Be6 13. Nc4 Qf6 14. Bxf4 Qxf4 15. Ne3 Ne7 16. Rad1 Rae8 17. Nh2 f5 18. Bc4 Bxc4 19. Nxc4 b5 20. Ne3 c6 21. Nef1 Kh8 22. Qd2 fxe4 23. Qxf4 exf4 24. Rxe4 Nd5 1/2-1/2

[Event "AUT-chT2W 2122"]
[Site "Austria"]
[Date "2021.10.17"]
[Round "3.1"]
[White "Srienz, Christian"]
[Black "Hoefelsauer, Thomas"]
[Result "1/2-1/2"]
[WhiteElo "2166"]
[BlackElo "2336"]
[PlyCount "88"]
[EventDate "2021.10.15"]
[EventType "team-tourn"]
[EventRounds "11"]
[EventCountry "AUT"]
[SourceTitle "CBM 204 Extra"]
[Source "ChessBase"]
[SourceDate "2021.11.30"]
[SourceVersion "1"]
[SourceVersionDate "2021.11.30"]
[SourceQuality "1"]
[WhiteTeam "Hoerbranz"]
[BlackTeam "Wolfurt"]
[WhiteTeamCountry "AUT"]
[BlackTeamCountry "AUT"]

1. e4 c6 2. d4 d5 3. exd5 cxd5 4. Bd3 Nc6 5. c3 Nf6 6. h3 g6 7. Nf3 Bg7 8. 0-0 Qc7 9. Re1 0-0 10. Qc2 Nh5 11. Be3 e5 12. dxe5 Nxe5 13. Nxe5 Bxe5 14. Nd2 Nf4 15. Nf3 Bd6 16. Bxf4 Bxf4 17. Re2 Bd7 18. Rae1 Rfe8 19. Rxe8+ Rxe8 20. Rxe8+ Bxe8 21. Qe2 Kf8 22. Bb5 Qe7 23. Qxe7+ Kxe7 24. Bxe8 Kxe8 25. Ne1 Kd7 26. Kf1 Bc7 27. Ke2 Bb6 28. Nd3 Kd6 29. Kf3 Bd8 30. Kf4 h6 31. Ke3 b5 32. f4 Bb6+ 33. Kf3 Ke6 34. b3 Ba5 35. Nc5+ Ke7 36. b4 Bb6 37. Nb3 Kd6 38. Ke2 h5 39. g4 hxg4 40. hxg4 Bd8 41. Nd4 a6 42. Nf3 Ke6 43. Kd3 Bc7 44. Ke3 Bb6+ 1/2-1/2

[Event "AUT-chT2W 2122"]
[Site "Austria"]
[Date "2021.10.15"]
[Round "1.1"]
[White "Mundorf, Johannes"]
[Black "Srienz, Christian"]
[Result "0-1"]
[WhiteElo "2255"]
[BlackElo "2166"]
[PlyCount "124"]
[EventDate "2021.10.15"]
[EventType "team-tourn"]
[EventRounds "11"]
[EventCountry "AUT"]
[SourceTitle "CBM 204 Extra"]
[Source "ChessBase"]
[SourceDate "2021.11.30"]
[SourceVersion "1"]
[SourceVersionDate "2021.11.30"]
[SourceQuality "1"]
[WhiteTeam "Hohenems II"]
[BlackTeam "Hoerbranz"]
[WhiteTeamCountry "AUT"]
[BlackTeamCountry "AUT"]

1. Nf3 Nf6 2. g3 b5 3. Bg2 Bb7 4. Na3 a6 5. c4 e5 6. 0-0 e4 7. Nd4 c5 8. Nf5 g6 9. Ne3 bxc4 10. b3 d5 11. Bb2 Bg7 12. d3 c3 13. Bc1 0-0 14. dxe4 Nxe4 15. Bxe4 dxe4 16. Nac2 a5 17. Nc4 Na6 18. Qxd8 Rfxd8 19. Bg5 f6 20. Be3 Nb4 21. Rfc1 Bf8 22. Nb6 Ra6 23. Na4 Rc6 24. Nxc3 f5 25. Nxb4 cxb4 26. Na4 Bg7 27. Rab1 Rdc8 28. Rxc6 Rxc6 29. Nc5 Bc8 30. Rd1 Kf7 31. Kf1 h6 32. h4 Ke7 33. Rd5 Rd6 34. Rxd6 Kxd6 35. Ke1 g5 36. hxg5 hxg5 37. Na4 Bf6 38. Bb6 Kc6 39. Bxa5 Kb5 40. Bc7 Kc6 41. Bb8 Ba6 42. Kd2 Bb5 43. Ba7 Be5 44. Ke3 Bd6 45. Kd4 Bxe2 46. Bc5 Bd3 47. Bxd6 Kxd6 48. Nb2 Bb1 49. Nc4+ Ke6 50. a4 bxa3 51. Nxa3 Bd3 52. b4 f4 53. g4 Be2 54. Kxe4 Bxg4 55. Nc4 Be2 56. Ne5 Ba6 57. Kd4 Kf5 58. f3 Bb5 59. Nf7 Bc6 60. Nh6+ Ke6 61. Kc5 Bxf3 62. b5 g4 0-1

[Event "Innsbruck op 5th"]
[Site "Innsbruck"]
[Date "2021.08.26"]
[Round "7"]
[White "Stolyarsky, Yegor"]
[Black "Srienz, Christian"]
[Result "1/2-1/2"]
[WhiteElo "2052"]
[BlackElo "2182"]
[PlyCount "38"]
[EventDate "2021.08.21"]
[EventType "swiss"]
[EventRounds "9"]
[EventCountry "AUT"]
[SourceTitle "CBM 204 Extra"]
[Source "ChessBase"]
[SourceDate "2021.11.30"]
[SourceVersion "1"]
[SourceVersionDate "2021.11.30"]
[SourceQuality "1"]

1. d4 Nf6 2. Nf3 e6 3. c4 d5 4. g3 c5 5. dxc5 Bxc5 6. cxd5 exd5 7. Bg2 0-0 8. 0-0 Nc6 9. b3 Bg4 10. Bb2 Qe7 11. h3 Be6 12. Nc3 a6 13. e3 Rfd8 14. Ne2 Bf5 15. Rc1 Rac8 16. Nf4 Ne4 17. Nh4 Be6 18. Bxe4 dxe4 19. Qc2 Bd6 1/2-1/2

[Event "Lienz op 20th"]
[Site "Lienz"]
[Date "2019.02.12"]
[Round "5"]
[White "Srienz, Christian"]
[Black "Liu, Zhaoqi"]
[Result "0-1"]
[WhiteElo "2165"]
[BlackElo "2323"]
[PlyCount "70"]
[EventDate "2019.02.09"]
[EventType "swiss"]
[EventRounds "9"]
[EventCountry "AUT"]
[SourceTitle "CBM 188 Extra"]
[Source "ChessBase"]
[SourceDate "2019.02.28"]
[SourceVersion "1"]
[SourceVersionDate "2019.02.28"]
[SourceQuality "1"]

1. Nf3 Nf6 2. c4 c5 3. Nc3 g6 4. g3 Bg7 5. Bg2 0-0 6. d4 cxd4 7. Nxd4 Qc7 8. Nd5 Nxd5 9. cxd5 Qa5+ 10. Bd2 Qb6 11. Bc3 e5 12. dxe6 dxe6 13. e3 e5 14. Nf3 Nc6 15. Qb3 Be6 16. Qxb6 axb6 17. a3 Rfd8 18. Nd2 f5 19. Bf1 e4 20. Bxg7 Kxg7 21. 0-0-0 Rac8 22. Nb1 Nb4+ 23. Nc3 Na2+ 24. Kc2 Rxd1 25. Kxd1 Nxc3+ 26. bxc3 Rxc3 27. Kd2 Rxa3 28. Bb5 Ra2+ 29. Kc3 Rxf2 30. Rd1 Rxh2 31. Rd6 Bf7 32. Rxb6 Bd5 33. Kd4 Bc6 34. Bxc6 bxc6 35. Rxc6 Rg2 0-1

[Event "AUT-chT2O 1819"]
[Site "Austria"]
[Date "2018.11.03"]
[Round "3.5"]
[White "Wiedermann, Daniel"]
[Black "Srienz, Christian"]
[Result "0-1"]
[WhiteElo "2067"]
[BlackElo "2173"]
[PlyCount "45"]
[EventDate "2018.10.06"]
[EventType "team-tourn"]
[EventRounds "11"]
[EventCountry "AUT"]
[SourceTitle "CBM 187 Extra"]
[Source "ChessBase"]
[SourceDate "2018.11.04"]
[SourceVersion "1"]
[SourceVersionDate "2018.11.04"]
[SourceQuality "1"]
[WhiteTeam "Wiener Amateur CC "]
[BlackTeam "Wien Ottakring"]
[WhiteTeamCountry "AUT"]
[BlackTeamCountry "AUT"]

1. d4 Nf6 2. c4 e6 3. Nc3 Bb4 4. f3 c5 5. d5 b5 6. e4 0-0 7. Nh3 d6 8. Nf2 bxc4 9. Bxc4 exd5 10. Bxd5 Nxd5 11. Qxd5 Be6 12. Bg5 Bxd5 13. Bxd8 Rxd8 14. exd5 Re8+ 15. Kd2 Nd7 16. Ng4 Nb6 17. Ne3 Re5 18. Rhe1 Rae8 19. Rad1 Rxe3 20. Rxe3 Nc4+ 21. Kd3 Nxb2+ 22. Ke2 Rxe3+ 23. Kxe3 0-1

[Event "Bodensee op"]
[Site "Bregenz"]
[Date "2018.05.10"]
[Round "6"]
[White "Ditzler, Juerg"]
[Black "Srienz, Christian"]
[Result "0-1"]
[WhiteElo "1971"]
[BlackElo "2225"]
[PlyCount "85"]
[EventDate "2018.05.05"]
[EventType "swiss"]
[EventRounds "9"]
[EventCountry "AUT"]
[SourceTitle "CBM 184 Extra"]
[Source "ChessBase"]
[SourceDate "2018.06.28"]
[SourceVersion "1"]
[SourceVersionDate "2018.06.28"]
[SourceQuality "1"]

1. Nf3 Nf6 2. d4 e6 3. c4 d5 4. Nc3 dxc4 5. e3 a6 6. a4 c5 7. Bxc4 Nc6 8. 0-0 Be7 9. dxc5 0-0 10. Qxd8 Rxd8 11. e4 Bxc5 12. Bg5 h6 13. Bh4 g5 14. Bg3 Nh5 15. Rad1 Nxg3 16. hxg3 Bd7 17. Rd2 Be8 18. Rfd1 Rxd2 19. Rxd2 Kf8 20. Kf1 Ke7 21. Ke2 g4 22. Nh2 h5 23. f3 Ne5 24. Bb3 b5 25. Nf1 Nc6 26. Bd1 Nd4+ 27. Ke1 gxf3 28. gxf3 bxa4 29. Rh2 a3 30. bxa3 Bxa3 31. Nb1 Bb4+ 32. Kf2 Rc8 33. Ke3 Rc1 34. Kxd4 Rxd1+ 35. Nfd2 f6 36. Kc4 Ba5 37. g4 Bc7 38. Rg2 h4 39. Nc3 h3 40. Rf2 Bb5+ 41. Kb3 Rg1 42. Nxb5 axb5 43. Rf1 0-1

[Event "Bodensee op"]
[Site "Bregenz"]
[Date "2018.05.07"]
[Round "3"]
[White "Srienz, Christian"]
[Black "Nikolov, Momchil"]
[Result "0-1"]
[WhiteElo "2225"]
[BlackElo "2550"]
[PlyCount "70"]
[EventDate "2018.05.05"]
[EventType "swiss"]
[EventRounds "9"]
[EventCountry "AUT"]
[SourceTitle "CBM 184 Extra"]
[Source "ChessBase"]
[SourceDate "2018.06.28"]
[SourceVersion "1"]
[SourceVersionDate "2018.06.28"]
[SourceQuality "1"]

1. c4 Nf6 2. Nc3 e5 3. Nf3 Nc6 4. g3 d5 5. cxd5 Nxd5 6. Bg2 Nb6 7. 0-0 Be7 8. a3 0-0 9. b4 Be6 10. Rb1 f6 11. d3 a5 12. b5 Nd4 13. Nd2 Qc8 14. e3 Nf5 15. Bb2 Rd8 16. Qe2 Rb8 17. Nc4 Nxc4 18. dxc4 c6 19. Rbc1 Nd6 20. Nd5 Bf8 21. Nb6 Qc7 22. Na4 Nf7 23. Rfd1 h6 24. Qe1 Rxd1 25. Qxd1 Rd8 26. Qe1 Qd7 27. bxc6 bxc6 28. h4 g5 29. Qxa5 Bh3 30. Nc5 Bxc5 31. Qxc5 Bxg2 32. Kxg2 gxh4 33. gxh4 Qg4+ 34. Kf1 Rd2 35. Re1 Qf3 0-1

[Event "Bodensee op"]
[Site "Bregenz"]
[Date "2018.05.05"]
[Round "1"]
[White "Srienz, Christian"]
[Black "Haisma, Henk"]
[Result "1-0"]
[WhiteElo "2225"]
[BlackElo "1785"]
[PlyCount "93"]
[EventDate "2018.05.05"]
[EventType "swiss"]
[EventRounds "9"]
[EventCountry "AUT"]
[SourceTitle "CBM 184 Extra"]
[Source "ChessBase"]
[SourceDate "2018.06.28"]
[SourceVersion "1"]
[SourceVersionDate "2018.06.28"]
[SourceQuality "1"]

1. c4 Nf6 2. Nc3 e6 3. e4 d6 4. g3 g6 5. Bg2 Bg7 6. d4 0-0 7. Nf3 c5 8. 0-0 Nc6 9. d5 exd5 10. cxd5 Ne7 11. Re1 Bg4 12. h3 Bxf3 13. Qxf3 Nd7 14. Qe2 a6 15. a4 Rc8 16. Kh2 Re8 17. Bf4 Ne5 18. Rad1 h6 19. Bc1 g5 20. f4 gxf4 21. gxf4 N5g6 22. Qh5 Kh7 23. f5 Ne5 24. f6 Bf8 25. fxe7 Qxe7 26. Bf3 Qf6 27. Rf1 Rc7 28. Bg4 Nxg4+ 29. Qxg4 Qe5+ 30. Bf4 Qf6 31. Rg1 Bg7 32. Qxg7+ Qxg7 33. Rxg7+ Kxg7 34. Bxd6 Rcc8 35. Rg1+ Kf6 36. a5 Rg8 37. Rxg8 Rxg8 38. Bxc5 Ke5 39. Bb6 f5 40. Bc7+ Kf6 41. e5+ Ke7 42. Ne2 Kd7 43. Bb6 Rc8 44. Nd4 f4 45. b4 Rc4 46. Bc5 Rc3 47. e6+ 1-0

[Event "Schilcherland op 1st"]
[Site "Deutschlandsberg"]
[Date "2017.12.31"]
[Round "3"]
[White "Smirnov, Artem"]
[Black "Srienz, Christian"]
[Result "0-1"]
[WhiteElo "2393"]
[BlackElo "2170"]
[PlyCount "106"]
[EventDate "2017.12.29"]
[EventType "swiss"]
[EventRounds "9"]
[EventCountry "AUT"]
[SourceTitle "CBM 182 Extra"]
[Source "ChessBase"]
[SourceDate "2018.02.23"]
[SourceVersion "1"]
[SourceVersionDate "2018.02.23"]
[SourceQuality "1"]

1. d4 Nf6 2. c4 e6 3. Nf3 d5 4. Nc3 dxc4 5. Qa4+ Nbd7 6. e4 a6 7. Bxc4 Rb8 8. Qc2 b5 9. Be2 Bb7 10. e5 Nd5 11. Bg5 Be7 12. Nxd5 Bxd5 13. Bxe7 Qxe7 14. Qxc7 0-0 15. Rc1 Bxa2 16. 0-0 Bd5 17. Qa5 Nb6 18. Qxa6 Nc4 19. Bxc4 bxc4 20. Qa3 Rb4 21. Rc2 Qb7 22. Ra1 Rb8 23. Nd2 h6 24. Rac1 Rxb2 25. Rxb2 Qxb2 26. Qxb2 Rxb2 27. Nf1 Be4 28. Rxc4 Rb1 29. Rc3 Rd1 30. f4 Bd3 31. Rxd3 Rxd3 32. Kf2 Rxd4 33. Kf3 Ra4 34. Ne3 Kf8 35. h4 f6 36. exf6 gxf6 37. g4 Rb4 38. h5 Kf7 39. Kg3 Ra4 40. Kf3 Rb4 41. Kg3 Rb1 42. Kf3 Ke7 43. Ng2 Rb3+ 44. Kf2 Kd6 45. Nh4 Kd5 46. Ng6 e5 47. fxe5 fxe5 48. Kg2 Rb7 49. Kg3 Ke6 50. Kf3 Kf6 51. Ke4 Rg7 52. Kd5 Rxg6 53. hxg6 Kxg6 0-1

[Event "San Sebastian op 40th"]
[Site "San Sebastian"]
[Date "2017.04.09"]
[Round "3"]
[White "Lopez de Turiso, Jose Angel"]
[Black "Srienz, Christian"]
[Result "1-0"]
[WhiteElo "2030"]
[BlackElo "2196"]
[PlyCount "113"]
[EventDate "2017.04.08"]
[EventType "swiss"]
[EventRounds "9"]
[EventCountry "ESP"]
[SourceTitle "CBM 177 Extra"]
[Source "ChessBase"]
[SourceDate "2017.04.27"]
[SourceVersion "1"]
[SourceVersionDate "2017.04.27"]
[SourceQuality "1"]

1. e4 c6 2. d4 d5 3. e5 c5 4. dxc5 e6 5. Be3 Nc6 6. Nf3 Nh6 7. c3 Nf5 8. Bd4 Be7 9. Nbd2 0-0 10. Bd3 Nfxd4 11. cxd4 f6 12. 0-0 fxe5 13. Nxe5 Nxd4 14. Qh5 Nf5 15. g4 g6 16. Nxg6 hxg6 17. Qxg6+ Kh8 18. Qh5+ Kg7 19. gxf5 Qe8 20. Qg4+ Kh6 21. Qh3+ Qh5 22. Qxh5+ Kxh5 23. fxe6 Bxe6 24. Rfe1 Rg8+ 25. Kh1 Bh3 26. Bf1 Bxf1 27. Nxf1 Bxc5 28. Ng3+ Kg4 29. Kg2 Rae8 30. Rad1 Rxe1 31. Rxe1 Kf4 32. Re6 Rd8 33. Kf1 Rd7 34. Ke2 Bd4 35. b3 Rh7 36. Nf1 Rc7 37. Ke1 Rc1+ 38. Ke2 Ra1 39. a4 Ra2+ 40. Kd3 Bxf2 41. Re2 Rxe2 42. Kxe2 Bg1 43. h3 Bc5 44. Nh2 d4 45. Kd3 Kg3 46. Ng4 Kxh3 47. Nf2+ Kg2 48. Ne4 Bb6 49. Ng5 Kf2 50. Ne6 Ke1 51. Nxd4 Bxd4 52. Kxd4 Kd2 53. Kc5 Kc3 54. b4 Kb3 55. a5 a6 56. b5 Ka4 57. bxa6 1-0

[Event "Basel op"]
[Site "Basel"]
[Date "2017.01.08"]
[Round "9"]
[White "Srienz, Christian"]
[Black "Sahajasri, Cholleti"]
[Result "1/2-1/2"]
[WhiteElo "2223"]
[BlackElo "1987"]
[PlyCount "113"]
[EventDate "2017.01.02"]
[EventType "swiss"]
[EventRounds "9"]
[EventCountry "SUI"]
[SourceTitle "EXT 2018"]
[Source "ChessBase"]
[SourceDate "2017.10.13"]
[SourceVersion "1"]
[SourceVersionDate "2017.10.13"]
[SourceQuality "1"]

1. Nf3 c5 2. g3 d5 3. c4 d4 4. b4 cxb4 5. a3 bxa3 6. Bxa3 Nc6 7. d3 Nf6 8. Bg2 Nd7 9. 0-0 e5 10. Bxf8 Nxf8 11. Qa4 Nd7 12. Nbd2 0-0 13. Nb3 Qe7 14. Rfb1 Nc5 15. Qa3 Nxb3 16. Qxe7 Nxe7 17. Rxb3 Nc6 18. Nd2 Re8 19. Ne4 Re7 20. Nd6 Rc7 21. f4 exf4 22. gxf4 Kf8 23. Kf2 g6 24. Bd5 Re7 25. Bf3 Rc7 26. Rab1 a5 27. Nxc8 Raxc8 28. Rxb7 Rxb7 29. Rxb7 Nd8 30. Ra7 Ne6 31. Bd5 Rc5 32. Bxe6 fxe6 33. Rxh7 Rf5 34. Kg3 e5 35. fxe5 Rxe5 36. Kf3 Ke8 37. Rg7 g5 38. Ra7 Re3+ 39. Kf2 Re5 40. e4 dxe3+ 41. Ke2 Kd8 42. h3 Ke8 43. Rb7 Kd8 44. Rg7 Ke8 45. Ra7 Kf8 46. c5 Rxc5 47. Kxe3 Re5+ 48. Kd4 Rf5 49. Ke4 Rf4+ 50. Ke5 Rf3 51. d4 Rxh3 52. Rxa5 g4 53. Kf4 Rd3 54. Rf5+ Ke7 55. Kxg4 Rxd4+ 56. Rf4 Rxf4+ 57. Kxf4 1/2-1/2

[Event "Basel op"]
[Site "Basel"]
[Date "2017.01.06"]
[Round "6"]
[White "Bethke, Richard"]
[Black "Srienz, Christian"]
[Result "1/2-1/2"]
[WhiteElo "2055"]
[BlackElo "2223"]
[PlyCount "108"]
[EventDate "2017.01.02"]
[EventType "swiss"]
[EventRounds "9"]
[EventCountry "SUI"]
[SourceTitle "CBM 176 Extra"]
[Source "ChessBase"]
[SourceDate "2017.03.02"]
[SourceVersion "1"]
[SourceVersionDate "2017.03.02"]
[SourceQuality "1"]

1. e4 c6 2. d4 d5 3. Nc3 dxe4 4. Nxe4 Nf6 5. Ng3 Nbd7 6. Nf3 e6 7. Be2 c5 8. 0-0 Be7 9. Re1 0-0 10. c3 Qc7 11. Bd3 b6 12. Ne4 Bb7 13. Bg5 Rfe8 14. Nxf6+ Nxf6 15. Bxf6 Bxf6 16. Be4 Red8 17. Bxb7 Qxb7 18. Re2 cxd4 19. cxd4 Rac8 20. Rd2 h6 21. Rc1 Rd5 22. Rxc8+ Qxc8 23. h3 Qd7 24. a4 g6 25. b3 Kg7 26. g3 Qd6 27. Kg2 g5 28. Kg1 Qd8 29. Kg2 Qd7 30. Kg1 Kg8 31. Kg2 Kf8 32. Kg1 Kg7 33. Kg2 Qd8 34. Kg1 Rf5 35. Rd3 Qa8 36. Kf1 h5 37. Kg1 Rd5 38. Rd2 Qd8 39. Kf1 Qh8 40. Kg1 Qh7 41. Ne1 Qe4 42. Nc2 g4 43. hxg4 hxg4 44. Ne3 Rxd4 45. Rxd4 Qxd4 46. Qxg4+ Qxg4 47. Nxg4 Bd4 48. Kf1 f5 49. Nh2 Kf6 50. Nf3 Bc5 51. Ke2 a5 52. Ne1 e5 53. Nd3 Bd4 54. f3 Kg5 1/2-1/2

[Event "Basel op"]
[Site "Basel"]
[Date "2017.01.03"]
[Round "3"]
[White "Srienz, Christian"]
[Black "Harringer, Manfred"]
[Result "1/2-1/2"]
[WhiteElo "2223"]
[BlackElo "2009"]
[PlyCount "43"]
[EventDate "2017.01.02"]
[EventType "swiss"]
[EventRounds "9"]
[EventCountry "SUI"]
[SourceTitle "CBM 176 Extra"]
[Source "ChessBase"]
[SourceDate "2017.03.02"]
[SourceVersion "1"]
[SourceVersionDate "2017.03.02"]
[SourceQuality "1"]

1. c4 Nf6 2. Nc3 e6 3. e4 d5 4. e5 d4 5. exf6 dxc3 6. bxc3 Qxf6 7. d4 Nc6 8. Nf3 e5 9. dxe5 Qg6 10. Bd3 Qxg2 11. Rg1 Qh3 12. Rg3 Qh5 13. Rg5 Qh3 14. Rg3 Qh5 15. Rb1 Be7 16. e6 Bxe6 17. Rb5 f5 18. Qe2 Bd7 19. Rg5 Qh3 20. Bxf5 Bxf5 21. Rgxf5 g6 22. Rf6 1/2-1/2

[Event "Bodensee op"]
[Site "Bregenz"]
[Date "2016.05.02"]
[Round "3"]
[White "Ulybin, Mikhail"]
[Black "Srienz, Christian"]
[Result "1-0"]
[WhiteElo "2521"]
[BlackElo "2214"]
[PlyCount "81"]
[EventDate "2016.04.30"]
[EventType "swiss"]
[EventRounds "9"]
[EventCountry "AUT"]
[SourceTitle "CBM 172 Extra"]
[Source "ChessBase"]
[SourceDate "2016.06.21"]
[SourceVersion "1"]
[SourceVersionDate "2016.06.21"]
[SourceQuality "1"]

1. d4 Nf6 2. Nf3 e6 3. g3 c5 4. Bg2 cxd4 5. Nxd4 d5 6. 0-0 e5 7. Nb3 Be7 8. c4 d4 9. e3 d3 10. Nc3 Bg4 11. Bf3 h5 12. e4 Nc6 13. Nd5 Bh3 14. Re1 Nb4 15. Nxb4 Bxb4 16. Re3 Qc7 17. Rxd3 Qxc4 18. Bg5 Qe6 19. Nd4 Qa6 20. Bxf6 Qxf6 21. Qa4+ Bd7 22. Nb5 Qc6 23. Rxd7 Kxd7 24. Rd1+ Ke6 25. Qxb4 Rhd8 26. Rd5 a6 27. Nc3 g6 28. Rc5 Qd6 29. Qb3+ Kf6 30. Nd5+ Kg7 31. Rc7 b5 32. Qc3 Qe6 33. Rc6 Rac8 34. Nc7 Qe7 35. b4 Rd4 36. Ne6+ Qxe6 37. Rxc8 Qxa2 38. Qc5 Qa1+ 39. Kg2 Rd7 40. Qf8+ Kf6 41. Rc6+ 1-0

[Event "Marianske Lazne op 15th"]
[Site "Marianske Lazne"]
[Date "2016.01.19"]
[Round "4"]
[White "Janska, Jitka"]
[Black "Srienz, Christian"]
[Result "1-0"]
[WhiteElo "2066"]
[BlackElo "2239"]
[PlyCount "60"]
[EventDate "2016.01.16"]
[EventType "swiss"]
[EventRounds "9"]
[EventCountry "CZE"]
[SourceTitle "CBM 170 Extra"]
[Source "ChessBase"]
[SourceDate "2016.02.25"]
[SourceVersion "1"]
[SourceVersionDate "2016.02.25"]
[SourceQuality "1"]

1. e4 c5 2. Nc3 Nc6 3. Bb5 Nd4 4. Bc4 Nf6 5. e5 d5 6. Bb3 Nxb3 7. axb3 Ne4 8. Qe2 Nxc3 9. bxc3 Qb6 10. Nf3 Bd7 11. 0-0 a6 12. Rd1 Rc8 13. c4 dxc4 14. Qxc4 Bb5 15. Qg4 Bd7 16. Qc4 Qb4 17. Qe2 Qg4 18. d4 e6 19. c4 Be7 20. h3 Qh5 21. Qe4 0-0 22. Qxb7 Bc6 23. Qxe7 Bxf3 24. gxf3 Qxf3 25. Be3 Qxh3 26. Qg5 f6 27. Qg2 Qh5 28. dxc5 Rc7 29. c6 Qe8 30. Bc5 Rff7 1-0